[Event "Høstturneringen 2013"]
[Site "Ås, Akershus NOR"]
[Date "2013.11.07"]
[Round "7"]
[White "Lea, Per"]
[Black "Flügel, Stefan"]
[Result "1/2-1/2"]
[WhiteElo "1658"]
[BlackElo "1675"]
[Annotator "Lea, Per"]
[PlyCount "88"]
[EventDate "2013.09.05"]

1. e4 Nc6 2. Nf3 f5 3. exf5 d5 4. d4 Bxf5 5. Bd3 ({
Både bedre - og ikke minst: mer naturlig - er:} 5. Bb5) 5... Qd7 6. Be3 O-O-O
7. Qe2 Nh6 (7... Bxd3 8. Qxd3 $11) 8. h3 g6 9. g4 Bxd3 10. Qxd3 Bg7 11. Nbd2
Nf7 {Svart har løst alle sine åpningsproblemer og vel så det. Hvit kan bare
glemme å plassere en springer på e5 nå.Og den etterhengende e-bonden våkner
raskt til liv.} 12. O-O-O e5 13. Nxe5 Nfxe5 14. dxe5 Nxe5 15. Qa3 a6 16. f4 Nc6
17. Rhe1 h5 $1 {
Et ekkelt trekk å få i mot seg. Kan hvit unngå å miste en bonde?} 18. Ne4 {
Hvit forsøker å komme ut av problemene ved å komplisere stillingen, men det er
vel ikke egentlig helt vellykket...} hxg4 19. hxg4 Qxg4 20. Nc5 d4 {Med i under
kant av 17 minutter igjen til tidskontrollen etter 40 trekk er det ikke lett å
holde en stilling som er klart fordelaktig for svart} 21. Qb3 (21. Bd2 Bf8 22.
Rg1 Qf5 23. Rg5 Bxc5 24. Qxc5 Qf7 {
er muligens litt bedre, men fremdeles står svart best}) 21... b6 22. Qe6+ Qxe6
23. Nxe6 dxe3 24. Nxd8 ({Hvit våget ikke} 24. Nxg7 {av frykt for at springeren
ville bli fanget, men det er mulig denne frykten var overdrevet}) 24... Rxd8 ({
Svart ville forsterket fordelen ytterligere etter} 24... Nxd8 25. Rxe3 Bh6) 25.
Rxd8+ Nxd8 26. Rxe3 Bh6 27. Re4 Kd7 28. Kd2 Ne6 29. Ke3 Ke7 30. Kf3 Bxf4 31.
Ra4 ({Bondesluttspillet etter} 31. Rxf4 Nxf4 32. Kxf4 Kf6) ({eller} 31. Rxe6+
Kxe6 32. Kxf4 Kf6 {regnet jeg for å være kliss tapt for hvit. Svart kan vel
enkelt spise de hvite bøndene på dronningfløyen, f.eks.:} 33. Kg4 Ke5 34. Kg5
Ke4 35. Kxg6 Ke3 36. Kf5 Kd2 37. c4 c5 38. b3 Kc2 39. Ke4 Kb2 40. Kd3 Kxa2 41.
Kc2 Ka3 42. Kc3 b5 43. cxb5 axb5 44. Kc2 b4 45. Kc1 Kxb3) 31... a5 32. b4 Bd2 (
32... axb4 33. Rxb4 {bør vinnes lett av svart}) 33. a3 Kd6 34. Ke2 Bc1 $2 (
34... Bc3 35. bxa5 Bxa5 36. Re4 Kd5 37. Rg4 Ke5 {med vinststilling for svart})
35. bxa5 bxa5 36. Rxa5 Nc5 37. Kd1 Bb2 (37... Bf4 38. Ra8 g5 {
er bedre, men ikke så godt som vi trodde i analysene etterpå}) 38. Ra8 g5 39.
a4 Kc6 40. Rg8 Ne4 41. Rg6+ Kb7 42. a5 Bd4 $2 {Nesten hele fordelen er i ferd
med å bli spist opp, men det er ikke så lett å finne en konkret
vinstfortsettelse. Svarts sjanser ligger sannsynligvis i fribonden i g-linja.}
43. Ke2 Bb2 44. Kf3 Nd6 {med remistilbud som gladelig ble mottatt} 1/2-1/2

[Event "Høstturneringen 2013"]
[Site "Ski, Akershus NOR"]
[Date "2013.12.05"]
[Round "7"]
[White "Kielland-Lund, Jon"]
[Black "Seim, Fredrik"]
[Result "0-1"]
[WhiteElo "1613"]
[BlackElo "1570"]
[Annotator "Fritz 10"]
[PlyCount "66"]
[EventDate "2013.09.05"]

1. c4 e5 2. Nc3 Nc6 3. Nf3 f5 4. d4 e4 5. Bg5 Be7 6. Bxe7 Ngxe7 7. Nd2 O-O 8.
e3 Ng6 9. Qh5 d6 10. g3 Bd7 11. Nd5 Be8 12. Qe2 Bf7 13. Nf4 Nxf4 14. gxf4 Nb4
15. Qd1 c5 16. Nb3 cxd4 17. a3 Nd3+ 18. Bxd3 exd3 19. Qxd3 dxe3 20. fxe3 Qh4+
21. Kd2 d5 22. cxd5 Rfd8 23. Nd4 Bxd5 24. Rhe1 Rac8 25. Qe2 Bc4 26. Qg2 Qf6 (
26... Rxd4+ $1 {gir mattangrep.} 27. exd4 Qxf4+ 28. Kd1 (28. Re3 Qxd4+ 29. Ke1
Qxe3+ 30. Kd1 Bb3+ 31. Qc2 Bxc2#) (28. Kc3 Be2+ 29. Kb3 Qe3+ 30. Ka2 Bc4+ 31.
Kb1 Qxe1+ 32. Kc2 Bd5+ 33. Kd3 Be4+ 34. Qxe4 fxe4#) (28. Kc2 Bd5+ 29. Kb1 Bxg2)
28... Bb3+ 29. Ke2 Rc2+ 30. Kd3 Rxg2) 27. Qf2 Qb6 28. b4 a5 29. Rab1 Qc6 30.
Rec1 Qe4 31. Rb2 Qd3+ (31... Rxd4+ $1 {er matt i 9 trekk.} 32. exd4 Qd3+ 33.
Ke1 Re8+ 34. Re2 Rxe2+ 35. Kf1 Rc2+ 36. Kg2 Bd5+ 37. Kg1 Rxc1+ 38. Qe1 Rxe1+
39. Kf2 Qe3#) 32. Ke1 Qxa3 33. bxa5 Re8 0-1

[Event "Høstturneringen 2013"]
[Site "Ås, Akershus NOR"]
[Date "2013.11.07"]
[Round "7"]
[White "Olsen, Trygve"]
[Black "Simonsen, Steinar"]
[Result "1/2-1/2"]
[WhiteElo "1244"]
[BlackElo "1351"]
[Annotator "Lea, Per"]
[PlyCount "110"]
[EventDate "2013.09.05"]

1. e4 e6 2. f4 {"Intet er nytt under solen!" Databasen www.chesslive.de har 2
365 partier med denne varianten (mot 393 319 med det vanligere 2.d4)} d5 3. e5
c5 4. Nf3 Nc6 5. Be2 Nge7 6. O-O Nf5 7. d3 Qb6 8. c3 Be7 9. a4 O-O 10. d4 $2 {
Gir materiell unødvendig} ({
Noen kvier seg kanskje for å svekke kongestillingen med} 10. g4 {
men her er det kanskje hvits beste mulighet} Nh6 11. h3 Bd7 12. Nbd2 {
med omtrent lik stilling}) 10... cxd4 11. Kh1 dxc3 12. Nxc3 a6 13. Re1 f6 14.
Bd3 fxe5 15. Nxe5 Nxe5 16. Rxe5 Bf6 17. Re1 Bd7 $2 (17... Bd4 18. a5 (18. Bxf5
Rxf5 {og nå mister ikke svart en bonde}) 18... Qa7 {
og svart beholder en liten fordel}) 18. Bxf5 exf5 19. Nxd5 Qd8 20. Qb3 Kh8 21.
Qxb7 a5 22. Nxf6 Rxf6 23. Qf3 ({Hvit beholder presset etter} 23. Rd1 Rf7 24.
Rd6 Rb8 25. Qd5 Re7 26. h3) 23... Bc6 24. Qf2 Rg6 25. Rg1 Qd5 26. Be3 Re8 27.
Bd2 h6 28. Rae1 Rxe1 29. Bxe1 h5 30. h3 Bxa4 31. Kh2 Bc6 32. g3 Qe4 33. Qd2 $4
(33. Bc3 {gir bare en ørliten fordel for svart}) 33... Re6 34. Qf2 Qe2 ({
Overser} 34... Qd3 {med klar gevisntstilling. Hvit har ikke noe fornuftig
forsvar mot tårninvasjon på 2. raden, f.eks.:} 35. Rg2 Bxg2 36. Kxg2 (36. Kg1
Bc6 37. Bc3 Qd5 {med matt i høyst 5 trekk}) 36... Re2 37. Kg1 Rxf2) 35. h4
Qxf2+ 36. Bxf2 Re2 37. Rf1 Rxb2 38. Kg1 Rb3 39. Rc1 Be4 40. Kf1 a4 41. Ke1 Rb1
42. Rxb1 Bxb1 43. Kd2 ({Etter} 43. Bc5 {
er det vanskelig å se hvordan svart kan komme videre}) 43... a3 44. Bd4 Kg8 45.
Ba1 g6 46. Ke3 Kf7 47. Kd4 Ke6 48. Kc5 a2 49. Be5 Kd7 50. Ba1 Be4 51. Be5 {
med remistilbud - som ble avslått} Bd3 52. Ba1 Be4 53. Bb2 Ke6 54. Ba1 Kf7 55.
Kd6 Bc2 {Selv om Critter 1.6 gir en fordel på ca 0.7 til svart, er denne
stillingen uvinnelig (hvis det er noe som heter det...)} 1/2-1/2

[Event "Høstturneringen 2013"]
[Site "Ski, Akershus NOR"]
[Date "2013.11.17"]
[Round "7"]
[White "Thowsen, Alf Geir"]
[Black "Garmark, Vegard"]
[Result "0-1"]
[WhiteElo "1166"]
[BlackElo "1225"]
[PlyCount "64"]
[EventDate "2013.09.05"]

1. e4 d5 2. exd5 Qxd5 3. Nc3 Qd6 4. Nf3 c6 5. d4 Nf6 6. Bd3 Bg4 7. Ne4 Nxe4 8.
Bxe4 Nd7 9. O-O Nf6 10. Qd3 O-O-O 11. c3 Nxe4 12. Qxe4 f5 13. Qd3 e5 14. Nxe5
Qxe5 15. dxe5 Rxd3 16. Be3 b6 17. Rfe1 Be7 18. f3 Rxe3 19. Rxe3 Bc5 20. Rae1
Bh5 21. f4 Rd8 22. Kf1 Bxe3 23. Rxe3 Rd2 24. Rh3 Bg6 25. b4 Rxa2 26. Rd3 a5 27.
e6 axb4 28. cxb4 Ra7 29. Rd6 Be8 30. Kf2 Re7 31. Rd3 Rxe6 32. h3 Re4 0-1

[Event "Høstturneringen 2013"]
[Site "Ås, Akershus NOR"]
[Date "2013.11.07"]
[Round "7"]
[White "Bakken, Svein-Erik"]
[Black "Petersen, Rune J"]
[Result "1-0"]
[WhiteElo "1423"]
[BlackElo "899"]
[PlyCount "49"]
[EventDate "2013.09.05"]

1. d4 Nf6 2. c4 e6 3. Nc3 Bb4 4. Bg5 Bxc3+ 5. bxc3 O-O 6. e3 b6 7. Nf3 Bb7 8.
Be2 Na6 9. O-O c5 10. Qb3 d6 11. Rfd1 Re8 12. a4 d5 13. cxd5 Bxd5 14. Qb2 Nc7
15. dxc5 Qb8 16. Bxf6 gxf6 17. c4 Bxf3 18. Bxf3 e5 19. Bxa8 Qxa8 20. cxb6 Rb8
21. a5 Ne6 22. Rd7 Rb7 23. Rad1 axb6 24. Rxb7 Qxb7 25. Qxb6 1-0

[Event "Høstturneringen 2013"]
[Site "Ås, Akershus NOR"]
[Date "2013.11.21"]
[Round "8"]
[White "Furnes, Torstein"]
[Black "Seim, Fredrik"]
[Result "0-1"]
[WhiteElo "1575"]
[BlackElo "1570"]
[PlyCount "78"]
[EventDate "2013.09.05"]

1. d4 Nf6 2. c4 e6 3. Nc3 c5 4. d5 exd5 5. cxd5 Bd6 6. e4 O-O 7. Bd3 Bc7 8. Nf3
d6 9. Bg5 Re8 10. O-O a6 11. a4 Bg4 12. Re1 Nbd7 13. h3 Bh5 14. g4 Bg6 15. Nh4
h6 16. Bxf6 Qxf6 17. Nxg6 fxg6 18. Re3 Ne5 19. Bf1 Rf8 20. Qc2 Nf3+ 21. Rxf3
Qxf3 22. Bg2 Qf4 23. Re1 c4 24. Nd1 Bb6 25. Re2 Qe5 26. Qxc4 Rac8 27. Qb3 Qd4
28. Ne3 Rc1+ 29. Bf1 Rf7 30. Rc2 Rxc2 31. Qxc2 Rc7 32. Qb3 Rc1 33. a5 Bxa5 34.
Qxb7 Bd2 35. Qxa6 Bxe3 36. fxe3 Qxe3+ 37. Kg2 Rc2+ 38. Kh1 Qf3+ 39. Kg1 Qf2+
0-1

[Event "Høstturneringen 2013"]
[Site "Ås, Akershus NOR"]
[Date "2013.11.21"]
[Round "8"]
[White "Flügel, Stefan"]
[Black "Kielland-Lund, Jon"]
[Result "1-0"]
[WhiteElo "1675"]
[BlackElo "1613"]
[PlyCount "39"]
[EventDate "2013.09.05"]

1. e4 c6 2. d4 d5 3. e5 c5 4. c4 e6 5. Nf3 Nc6 6. Nc3 cxd4 7. Nxd4 Nxe5 8. cxd5
exd5 9. Bb5+ Bd7 10. O-O Bxb5 11. Ndxb5 Be7 12. Re1 d4 13. Nd5 f6 14. Ndc7+ Kf7
15. Qb3+ Kg6 16. Nxa8 Qxa8 17. Bf4 Nh6 18. Bxe5 fxe5 19. Rxe5 Bf6 20. Qg3+ 1-0

[Event "Høstturneringen 2013"]
[Site "Ås, Akershus NOR"]
[Date "2013.11.21"]
[Round "8"]
[White "Lea, Per"]
[Black "Moberg, Jan Rune"]
[Result "1-0"]
[WhiteElo "1658"]
[BlackElo "1500"]
[Annotator "Lea, Per"]
[PlyCount "43"]
[EventDate "2013.09.05"]

1. e4 e5 2. Nf3 Nc6 {Et overraskende trekk fra vår Philodor-ekspert. Men jeg
skjønte før partiet at Jan Rune hadde uttalt seg i rosende ordelag om Magnus
Carlsens Berlinerforsvar mot spansk. Følgelig droppet jeg spansk denne gangen
og søkte tilflukt i min sjakklige barndom da "alle" spilte enkle åpninger...}
3. Bc4 d6 {Litt passivt; åpner opp for en løper men stenger for en annen.} ({
Klassiske fortsettelser som} 3... Nf6 4. Ng5 d5 5. exd5 Na5 6. Bb5+ c6 7. dxc6
bxc6 8. Be2) ({eller} 3... Bc5 4. c3 Nf6 5. d4 exd4 6. cxd4 Bb4+ 7. Nc3 Nxe4 8.
O-O Nxc3 9. bxc3 Bxc3 10. Qb3 Bxa1 11. Bxf7+ {er nok å foretrekke, men det
krever også at man er vel bevandret uti åpningsteorien}) 4. d4 Be7 5. c3 $2 (5.
d5 Nb8 {Det minste ondet...} (5... Nb4 6. Nc3 Nf6) (5... Na5 6. Be2 {i begge ti
lfelle med liten fordel for hvit. Hovedinnvendingen min i mot 5.d5 er
allikevel at det å lukke stillingen når man først har plassert løperen på c4
virker ulogisk. Men Critter 1.6 er tydeligvis uenig.})) 5... Nf6 6. O-O O-O ({
Her kunne svart prøvd å ta initiativet med} 6... exd4 7. cxd4 Nxe4 {
og min planlagte variant} 8. Bd5 Nf6 9. Bxc6+ bxc6 {gir svart fordel}) 7. Re1 {
Igjen insisterer Critter 1.6 på at d5 bør spilles.} a6 8. h3 b5 9. Bd5 {
Spilt i den tro at jeg ville vinne en bonde, som jeg riktig nok måtte regne
med å jobbe litt for å gardere. Men få trekk seinere innså jeg plutselig at
ikke bare var bonden fortapt, men jeg sto i fare for å få en direkte dårlig
stilling} Nxd5 10. exd5 Nb8 11. dxe5 dxe5 12. Rxe5 $2 (12. Nxe5 Bd6 13. Bf4 Bb7
{er nok bedre for hvit enn jeg trodde...}) 12... Nd7 13. Re4 Bb7 {
Hvis det er noen som har fordel nå, er det svart.} 14. c4 Nf6 ({Ved første øyekast
er det kanskje mest logisk å true tårnet framfor å true 2 bønder, men} 14...
Nb6 {er nok allikevel et bedre alternativ}) 15. Re2 bxc4 16. Nc3 c6 $2 (16...
Re8 {er det naturlige trekket her}) 17. dxc6 Qxd1+ $4 {En stygg overseels e
som koster partiet. Det er ikke bare mot Magnus at motstanderne blir "lurt"
til å bukke...} 18. Nxd1 {Plutselig henger begge løperne} Bxc6 19. Rxe7 Bxf3
20. gxf3 Nd5 21. Re4 Rac8 22. Ne3 {Oppgitt} 1-0

[Event "Høstturneringen 2013"]
[Site "Ås, Akershus NOR"]
[Date "2013.11.21"]
[Round "8"]
[White "Simonsen, Steinar"]
[Black "Bakken, Svein-Erik"]
[Result "0-1"]
[WhiteElo "1351"]
[BlackElo "1423"]
[Annotator "Lea, Per"]
[PlyCount "32"]
[EventDate "2013.09.05"]

1. e4 c5 2. Nf3 Nc6 3. d4 cxd4 4. Nxd4 a6 5. Nxc6 (5. Nc3 {
virker mer naturlig - det er ingen grunn til å slå på c6 ennå}) 5... bxc6 6.
Bc4 e6 7. Nc3 Qc7 (7... d5 {
er mer aggressivt, selv om hvit neppe er så samarbeidsvillig at han går inn i}
8. exd5 cxd5 9. Bb3 {med en ørliten fordel for svart}) 8. O-O d5 {Der kom den!}
9. Bd3 Bb7 {Svart bør heller satse på å få ut de gjenværende lette offiserene}
10. Qf3 Nf6 11. Re1 ({Etter} 11. Bf4 Bd6 12. Bxd6 Qxd6 {
beholder hvit en liten fordel}) 11... Bd6 12. g3 d4 13. Ne2 (13. Na4 {
påstås å være bedre (Critter 1.6), men springeren står ikke så godt i a-linja})
13... c5 14. c4 O-O 15. Bg5 Be7 16. e5 $4 Bxf3 {
og hvit ga selvfølelig straks opp} 0-1

[Event "Høstturneringen 2013"]
[Site "Ås, Akershus NOR"]
[Date "2013.11.21"]
[Round "8"]
[White "Høva, Frode"]
[Black "Aalmo, Alexander"]
[Result "1-0"]
[WhiteElo "1578"]
[BlackElo "1104"]
[PlyCount "113"]
[EventDate "2013.09.05"]

1. Nf3 d5 2. d4 Nf6 3. c4 c6 4. Nc3 e6 5. Bg5 dxc4 6. a4 Be7 7. e4 h6 8. Bh4
Nbd7 9. Bxc4 O-O 10. O-O Re8 11. Qc2 Nf8 12. Rad1 Ng6 13. Bg3 Nh5 14. d5 Qb6
15. dxe6 Bxe6 16. Bxe6 fxe6 17. e5 Nxg3 18. hxg3 Nf8 19. Ne4 Red8 20. g4 Qc7
21. Qe2 Nd7 22. g5 hxg5 23. Nexg5 Bxg5 24. Nxg5 Qxe5 25. Qh5 Qf5 26. g4 Qf6 27.
Qh7+ Kf8 28. Qh5 Ke7 29. Rfe1 e5 30. Ne4 Qf4 31. Qg6 Qf7 32. Qd6+ Ke8 33. Ng5
Qf6 34. Ne6 Qg6 35. Nc7+ Kf7 36. Qxg6+ Kxg6 37. Nxa8 Kf6 38. Rd6+ Ke7 39. Red1
Rxa8 40. Rxd7+ Kf6 41. R1d6+ Kg5 42. Rxg7+ Kf4 43. Kg2 Rf8 44. Rdd7 Rh8 45.
Rxb7 a5 46. Ra7 Rd8 47. Rxa5 Rd2 48. Rc5 Rxb2 49. Rxc6 Ra2 50. Rf6+ Ke4 51. Ra7
Kd4 52. g5 e4 53. Kg3 Ra3+ 54. Kg4 Ra1 55. Rd7+ Ke5 56. a5 Rxa5 57. Rf5+ 1-0

[Event "Høstturneringen 2013"]
[Site "Ås, Akershus NOR"]
[Date "2013.11.21"]
[Round "8"]
[White "Thowsen, Alf Geir"]
[Black "Olsen, Trygve"]
[Result "1-0"]
[WhiteElo "1166"]
[BlackElo "1244"]
[Annotator "Lea, Per"]
[PlyCount "133"]
[EventDate "2013.09.05"]

1. d4 Nf6 2. c4 c6 3. Nc3 Qa5 4. Bd2 Qh5 5. Nf3 d6 6. e3 ({
Hvit kunne fått et enda sterkere sentrum etter} 6. e4) 6... g5 7. Be2 $2 ({
Hindrer den hvite springeren å komme til e2, derfor var} 7. Bd3 {bedre} g4 8.
Ng1 Bf5 9. e4 Bg6 10. Nge2) 7... g4 8. Ng1 Qg6 9. Bc1 (9. h3 gxh3 10. Nxh3 Qxg2
11. Bf3 Qg6 12. Nf4 {med initiativ for bonden}) 9... h5 10. Bd3 Qg7 ({Etter} 
10... Bf5 {ville stillingen vært temmelig lik. Etter teksttrekket er
stillingen fordelaktiig for hvit.}) 11. Nge2 h4 12. Nf4 (12. O-O {kan virke sku
mmelt med framskutte bønder og dronning og tårn i g- og h-linja, men det burde
være trygt nok}) 12... e5 13. dxe5 ({
Bedre å innrømme at forrige trekk var en feil og spille} 13. Nfe2 {
Etter teksttrekket er det svar som står best}) 13... dxe5 14. Nfe2 Bb4 {
En bedre plan er å gjøre klart for lang rokade} 15. a3 Ba5 16. b4 Bc7 17. Bb2
O-O 18. Ne4 Qh6 19. Nxf6+ Qxf6 20. Qc2 Qh6 21. O-O-O Be6 22. Bf5 Na6 23. Bxe6 (
23. Nd4 {ser merkelig ut, men gir allikevel klar fordel for hvit:} exd4 24.
Rxd4 Rfe8 (24... Bxf5 25. Qxf5 Rfd8 26. Rxg4+ Kf8 27. g3 hxg3 28. Bg7+ Qxg7 29.
Rxg7 Kxg7 30. hxg3 Bb6 31. Qg5+ Kf8 32. Rh8#) 25. Rxg4+ Kf8 26. Bg7+ Qxg7 27.
Rxg7 Kxg7 {Svart har en viss form for kompensasjon - T+L+S mot D+2 bønder})
23... Qxe6 24. h3 Rad8 25. hxg4 Rxd1+ 26. Kxd1 Rd8+ 27. Kc1 Qxg4 28. Rh2 {
Et merkelig sted å sette tårnet. Med en dronning som peker mot h7 vil det være
naturlig å få åpnet h-linja for tårnet. Men kanskje ble det spilt for å
provosere fram svartsnestetrekk?} e4 $2 {Et veldig naturlig trekk, men en
avgjørende feil. Trusselen mot tårnet på h2 er et slag i lufta siden svarts
svartrekk truer matt i ett trekk.} 29. Qc3 $1 Kf8 30. Qh8+ Ke7 31. Qxh4+ (31.
Qf6+ Kd7 32. Rxh4 Qe6 (32... Qxe2 $4 33. Qf5+ Ke8 34. Rh8+ Ke7 35. Bf6+ Kd6 36.
c5+ Nxc5 37. bxc5#) 33. Qxe6+ Kxe6 34. Rxe4+ {med vinnende fordel for hvit})
31... Qxh4 32. Rxh4 f5 {
Svart burde heller prøvd å få springeren i spill, selv om den må gå via b8} 33.
Rh6 Rf8 34. Nf4 Bxf4 35. exf4 Nc7 36. Be5 Ne6 37. Kd2 Rf7 38. Ke3 a5 39. c5 a4
40. g4 fxg4 41. Kxe4 Kd7 42. Rg6 Rh7 43. Rxg4 Rh1 44. Kf3 Rb1 45. Rg3 Rb3+ 46.
Ke4 Ke7 47. f5 Nd8 48. Rxb3 axb3 49. Kd3 Nf7 50. f6+ Ke6 51. Bb2 Ng5 52. Kc4
Nf7 53. Kxb3 Kd5 54. Kc3 Nd8 55. Kd3 Nf7 56. Bd4 Nd8 57. a4 Nf7 58. b5 cxb5 59.
axb5 Nd8 60. Be3 Nf7 61. Kc3 Nd8 62. Kb4 Ke6 63. Bg5 Kd5 64. Bf4 Nf7 65. Bd6
Ke6 66. Be7 Kd5 67. Ka5 {og svart ga opp. Svarts siste bonde går tapt.} 1-0

[Event "Høstturneringen 2013"]
[Site "Ås, Akershus NOR"]
[Date "2013.11.21"]
[Round "8"]
[White "Petersen, Rune J"]
[Black "Heien, Aksel"]
[Result "1-0"]
[WhiteElo "899"]
[BlackElo "961"]
[Annotator "Lea, Per"]
[PlyCount "39"]
[EventDate "2013.09.05"]

1. d4 d5 2. Nf3 Nc6 {På databasen www.chesslive.de (besøkt 24-11-2013) med
over 6 millioner partier finnes det 16485 partier med dette trekket. Hvit har
klart best score: 63%. Til sammenlikning er det bare 2...Le6, 2...h5, 2...Ld7,
2...e5, 2...f6, 2...h6, 2...b6 som svart scorer dårligere på, men her er
datamaterailet temmelig spinkelt: de ovenstående variantene er spilt
henholdsvis 6, 12, 7, 10, 111, 244 og 108 ganger. Hvits springertrekk er litt
lite skarpt og benyttes ofte av hvitspillere som vil unngå Albins motgambit -
Aksels spesialvåpen!} 3. Nc3 ({Personlig ville jeg nok foretrukket} 3. Bf4) ({
eller} 3. c4 {som mer aktive}) 3... Nf6 4. e3 Bf5 5. a3 {En smule planløst} (5.
Bb5 {etterfulgt av kort rokade ser mer naturlig ut}) 5... e6 6. Be2 Qd7 7. O-O
O-O-O {Dermed burde planene for den videre kampen være lagt: hvis bondestorm
på dronningfløyen, svart bondestorm på kongefløyen!} 8. Bd2 {
Hvit har - av naturlige grunner - ikke lest den forrige kommentaren.} ({
Her burde det ikke være noen grunn til å nøle:} 8. b4) 8... h6 9. Bb5 a6 $2 {
Dermed kan ikke svart hindre at kongestillingen blir revet opp. Muligens har
svart oversett hvits svar: å legge inn et springertrekk før løperen flyttes.}
10. Ne5 $1 Qe8 11. Bxc6 {Å slå med springeren hadde ført til materialgevinst:}
(11. Nxc6 bxc6 (11... axb5 12. Nxd8 Qxd8 13. Nxb5) 12. Bxa6+ Kd7) 11... bxc6
12. Qe2 Kb7 13. b4 (13. Na4 Bd6 14. Bb4 a5 (14... Bxe5 $4 15. Nc5+ Kb8 16. Qxa6
{med matt})) 13... Ra8 {Ikke noe godt sted for tårnet} (13... Rb8 {for seinere
å opponer i b-linja når hvit plasserer alle sine tunge offiserer der, er en
bedre plan.}) 14. Rfb1 Bxc2 $2 {En verdiløs bondevisnt som bare bidrar til at
hvit kan få en halvåpen tårnlinje hvis planen om tårndobling i b-linja må
forlates} ({Mulige alternativer er} 14... Bd6) ({eller} 14... Nd7) 15. Rb2 Bg6
16. Na4 Nd7 17. Nc5+ Nxc5 ({Litt bedre er} 17... Bxc5) 18. bxc5+ Ka7 $2 (18...
Kc8 {sørger for at svart holder hodet over vannet en stund til}) 19. Nxg6 fxg6
20. Rab1 {Svart ga opp. Matten på b7 lar seg gardere, men svart blir allikevel
stående med en håpløs stilling.} 1-0

[Event "Høstturneringen 2013"]
[Site "Ås, Akershus NOR"]
[Date "2013.12.12"]
[Round "9"]
[White "Seim, Fredrik"]
[Black "Høva, Frode"]
[Result "1-0"]
[WhiteElo "1570"]
[BlackElo "1578"]
[PlyCount "63"]
[EventDate "2013.09.05"]

1. Nc3 Nf6 2. e4 d6 3. d4 g6 4. f4 Bg7 5. Nf3 O-O 6. Bd3 Nc6 7. O-O e5 8. fxe5
dxe5 9. d5 Nb4 10. Bc4 c6 11. d6 b5 12. Bb3 Qb6+ 13. Kh1 c5 14. a3 c4 15. Bxc4
bxc4 16. axb4 Bb7 17. Nxe5 Nxe4 18. Nd5 Bxd5 19. Qxd5 Nf2+ 20. Rxf2 Qxf2 21.
Bg5 Qf5 22. Nc6 Qxd5 23. Ne7+ Kh8 24. Nxd5 f6 25. Be3 Rfe8 26. Nc7 Rxe3 27.
Nxa8 Re8 28. Nc7 Rd8 29. Rd1 Rd7 30. Ne6 Kg8 31. Nc5 Rd8 32. d7 1-0

[Event "Høstturneringen 2013"]
[Site "Ås, Akershus NOR"]
[Date "2013.12.12"]
[Round "9"]
[White "Bakken, Svein-Erik"]
[Black "Furnes, Torstein"]
[Result "1/2-1/2"]
[WhiteElo "1423"]
[BlackElo "1575"]
[PlyCount "96"]
[EventDate "2013.09.05"]

1. d4 d5 2. c4 e6 3. Nc3 Nf6 4. Bg5 Be7 5. e3 O-O 6. Nf3 Nbd7 7. Qc2 b6 8. cxd5
exd5 9. Be2 Re8 10. O-O Nf8 11. Rac1 c6 12. Ne5 Bb7 13. Na4 Rc8 14. Qb3 Ne4 15.
Bxe7 Rxe7 16. Rc2 Rec7 17. Bg4 Ne6 18. Rfc1 Qd6 19. Nd3 g6 20. Nf4 f5 21. Nxe6
Qxe6 22. Bf3 g5 23. h3 g4 24. hxg4 fxg4 25. Bxe4 Qxe4 26. Nc3 Qe7 27. e4 Qd7
28. exd5 cxd5 29. Ne4 Kg7 30. Rxc7 Rxc7 31. Rxc7 Qxc7 32. Ng3 Qc1+ 33. Kh2 Qf4
34. Kg1 Kh6 35. Qc2 Qf7 36. Nf5+ Kg5 37. Nd6 Qd7 38. Qd2+ Kg6 39. Qd3+ Kf6 40.
Qg3 Bc6 41. Qe5+ Kg6 42. b4 h5 43. b5 Bxb5 44. Nxb5 Qxb5 45. Qe6+ Kg5 46. Qe7+
Kf5 47. Qe5+ Kg6 48. Qe6+ Kg5 1/2-1/2